| 000 | 00721nam a2200217Ia 4500 | ||
|---|---|---|---|
| 003 | GCL | ||
| 008 | 140319s9999 xx 000 0 ara d | ||
| 040 |
_aGCL / _cGCL |
||
| 082 | 0 | 4 |
_a677.0282 _bم م |
| 100 | 1 | _aمحمد احمد سلطان | |
| 245 | 1 | 0 |
_aميكانيكا الات غزل القطن / _cمحمد احمد سلطان |
| 700 | 1 | _aمحمد كامل الطواشى | |
| 700 | 1 | _aابراهيم عبده الهوارى | |
| 260 |
_a[S.N] : _bمنشاة المعارف الاسلامية ، _c1985 |
||
| 300 | _a651 ص | ||
| 490 |
_aمجموعة الكتب الهندسية _v0 |
||
| 650 | 0 | 4 | _aغزل القطن |
| 650 | 0 | 4 | _aالالات الزراعية |
| 650 | 0 | 4 | _aالقطن |
| 942 |
_2ddc _cBK |
||
| 999 |
_c35524 _d35524 |
||